00879naa a22001697i 4500003000900000005001700009008004100026035001700067040003700084041000800121080001000129100014000139245009500279650003100374700014200405773016200547KOSZ 00520171214130548.0160308s2006 a|||f| ||||0|| 0 pol  aPBN-R:191264 cKOSZ 005/mdaPBN-IDdKOSZ 005/HR0 apol a628.41 aJANOWSKA, Beata.d1996 - .bPolitechnika Koszalińska - Wydział Budownictwa i Inżynierii Środowiska,cKatedra Gospodarki Odpadami10aZwiązki metaloorganiczne w kompostach /cBeata Janowska, Bartosz Walendzik, Aneta Wrona. 0aInżynieria środowiska.1 aWALENDZIK, Bartosz.d2002 -.bPolitechnika Koszalińska - Wydział Budownictwa i Inżynierii Środowiska,cKatedra Gospodarki Odpadami0 iW:tGospodarka odpadami komunalnymi : praca zbiorowa. T. 2 / pod red. Kazimierza Szymańskiego. -dKoszalin : Wydaw. FENIKS, 2006. -gs. 279-289z8392091418